|
|
|
|
| LEADER |
00000nam a22000007a 4500 |
| 005 |
20180406233222.0 |
| 007 |
cr|||| |||| |
| 008 |
180406s2017 br |||||s|||| 00||0 por d |
| 020 |
|
|
|a 978-85-361-9407-3
|
| 035 |
|
|
|a 21354
|
| 040 |
|
|
|a vLex
|
| 090 |
|
|
|c 7688
|d 7688
|
| 100 |
1 |
|
|a Teixeira Filho, Manoel Antonio
|
| 245 |
1 |
0 |
|a Mandado de Seguranȧ na Justiȧ do Trabalho
|h [Recurso electrn̤ico] /
|c Manoel Antonio Teixeira Filho
|
| 256 |
|
|
|a Servicio en ln̕ea
|
| 260 |
|
|
|a San Pablo:
|b LTR,
|c 2017
|
| 300 |
|
|
|a 1 recurso electrn̤ico
|
| 500 |
|
|
|a A quarta ediȯ̂ deste livro foi atualizada de acordo com o novo CPC. O Autor tambm̌ tomou o cuidado de substituir as Sm︢ulas e as Orientaė̳s Jurisprudenciais do TST, que foram atualizadas ou modificadas pelo Tribunal em decorrn̊cia do CPC de 2015. Os temas sô examinados de maneira didt̀ica e objetiva, tendo sempre em vista o exercc̕io da aȯ̂ de mandado de seguranȧ no ḿbito da Justiȧ do Trabalho. Trata-se de livro indispensv̀el para advogados, magistrados, membros do Ministřio Pb︢lico, professores e alunos de Direito.
|
| 506 |
1 |
|
|a Disponible solo en los productos indicados
|d vLex Global
|d vLex Global (Academic Edition, excluding Law Schools)
|d vLex Global (U.S. Academic Edition, Law Schools)
|d vLex Global (U.S. Academic Edition, excluding Law Schools)
|d vLex Global (Academic Edition, Law Schools)
|
| 650 |
0 |
4 |
|a Derecho Laboral y Seguridad Social
|z Brasil
|
| 650 |
0 |
4 |
|a Derecho Procesal
|z Brasil
|
| 650 |
0 |
4 |
|a Procedimiento Laboral
|z Brasil
|
| 740 |
0 |
|
|a vLex Libros (Servicio en ln̕ea)
|
| 856 |
4 |
0 |
|u http://vlex.com/source/mandado-de-seguran-a-na-justi-a-do-trabalho-21354
|z Acceso restringido
|
| 942 |
|
|
|c BOOK
|
| 999 |
0 |
|
|a Labor Law and Social Security
|
| 999 |
0 |
|
|a Procedural Law
|
| 999 |
0 |
|
|a Labor Procedure
|